Výzkum elektrické pevnosti vnejší izolace při provozních přepétích do 350 kV max. : Úkol číslo 54-61-303/I

Gespeichert in:
Bibliographische Detailangaben
Hauptverfasser: Kučera, Jaroslav (Verfasst von), Vokálek, Jaroslav (Verfasst von)
Format: Buch
Veröffentlicht: Praha : Výzkumný ústav energetický, 1961
Tags: Tag hinzufügen
Keine Tags, Fügen Sie das erste Tag hinzu!

MARC

LEADER 00000nam a22000003a 4500
001 stu236768
005 20150617230141.7
008 111019s1961----------------------------d
040 |a STU  |b slo 
041 0
100 1 |a Kučera, Jaroslav  |4 aut 
245 1 |a Výzkum elektrické pevnosti vnejší izolace při provozních přepétích do 350 kV max. :  |b Úkol číslo 54-61-303/I 
260 |a Praha :  |b Výzkumný ústav energetický,  |c 1961 
300 |a 71 s 
700 1 |a Vokálek, Jaroslav  |4 aut 
996 |b EVYSK-S-67  |c E*VYSK-S-67  |l E  |s P  |a 0  |w stu236768_0001